000 00214nam a2200085Ia 4500
008 120527s9999 xx 000 0 und d
100 _aIWE,O. Maduebisi
245 _aThe science and technology of soybean
942 _cBK
999 _c25233
_d25233